Sports Quiz

Random Sports Quiz

Opening Day Starting Quarterbacks 2010 Quiz Stats

 Plays Quiz not verified by Sporcle

Also try: NFL Jumble
Challenge
Share
Tweet
Embed
Score 0/32 Timer 03:00
0 Plays Today
% Correct
Tom Brady
100%
Joe Flacco
96.8%
Carson Palmer
96.8%
Tony Romo
96.8%
Mark Sanchez
95.7%
Peyton Manning
95.7%
Eli Manning
95.7%
Chad Henne
94.6%
Matt Schaub
94.6%
Vince Young
94.6%
Jay Cutler
94.6%
Drew Brees
94.6%
David Garrard
93.5%
Kyle Orton
93.5%
Phillip Rivers
93.5%
Kevin Kolb
93.5%
% Correct
Donovan McNabb
93.5%
Aaron Rodgers
93.5%
Brett Favre
93.5%
Matt Ryan
93.5%
Alex Smith
93.5%
Matt Stafford
92.5%
Matt Hasselbeck
91.4%
Sam Bradford
90.3%
Jake Delhomme
88.2%
Josh Freeman
86%
Derek Anderson
86%
Trent Edwards
84.9%
Dennis Dixon
79.6%
Matt Moore
79.6%
Matt Cassell
78.5%
Jason Campbell
78.5%

You're not logged in!

Compare scores with friends on all Sporcle quizzes.
OR
Log In

You Might Also Like...

Show Comments

Extras

Top Quizzes Today


Score Distribution

Your Account Isn't Verified!

In order to create a playlist on Sporcle, you need to verify the email address you used during registration. Go to your Sporcle Settings to finish the process.

Report this User

Report this user for behavior that violates our Community Guidelines.

Details: